000 03255nam a22003377a 4500
001 TIC 0020
003 gtcocun
005 20250922202532.0
006 a||||gr|||| 00| 0
007 ta
008 250922b2023 gt ||||| m||| 00| 0 eng d
040 _agtcocun
_bSPA
_cgtcocun
_eRDA
041 _aSPA TIC 0020
084 _0TIC 0020
100 _aCó Isem, Flavio Omar Ottoniel
_eAutor
245 _aFUNDAMENTOS PARA LA APLICACIÓN DEL DISEÑO DIRECTO BASADO EN DESPLAZAMIENTOS A LAS NORMAS AGIES NSE, COBÁN, ALTA VERAPAZ./
_cFlavio Omar Ottoniel Có Isem,
_hImpreso
264 _aCobán, Alta Verapaz:
_bUniversidad de San Carlos de Guatemala, Centro Universitario del Norte, Ingeniería Civil
_c2023
300 _a69 p.:
_bIlustraciones, gráficas.
_c28 cm;
300 _cPDF
336 _2rdacontenido
_aTexto
_btxt
337 _2rdamedio
_aComputadora
_bn
338 _2rdasoporte
_aCódigo en línea
_bcr
502 _eTIC 0020
502 _aTesis de grado
_bIngeniería Civil,
_cUniversidad de San Carlos de Guatemala, Centro Universitario del Norte, Ingeniería Civil
_d2023
_oTIC 0020
520 1 4 _aEn este trabajo se realizó la comparación de dos métodos de diseño estructural (hasta la determinación del cortante basal), los cuales son: el método basado en fuerzas y el método basado en desplazamientos. El primero, de gran aplicación en Guatemala, y el segundo, novedoso hasta cierto punto, ya que no se ha hecho un estudio o adecuación del procedimiento a las condiciones impuestas por las normas de la Asociación Guatemalteca de Ingeniería Estructural y Sísmica AGIES. Actualmente son varios los países que han integrado los conceptos generales del diseño por desplazamientos en sus códigos, como Estados Unidos y Chile, por mencionar algunos países americanos. También códigos generales como el ACI 318 presentan conceptos originados en este método de diseño. Sin embargo, en Guatemala aún no se cuenta con lineamientos relacionados al diseño por desplazamientos. A través de una recopilación bibliográfica exhaustiva y el análisis de los resultados del método en otros países, se provee de un procedimiento equivalente para la adecuación del diseño por desplazamientos. Esto se llevó a cabo por medio de la aplicación práctica del proceso de diseño a dos edificios de marcos estructurales. Las estructuras utilizadas son de 3 y 5 pisos y tienen regularidad en planta y en elevación. El sitio escogido para llevar a cabo el diseño es el municipio de Cobán, Alta Verapaz. Al finalizar, se realizó la comparación del cortante basal de ambos métodos y también de las fuerzas por nivel. Los resultados muestran que el diseño por desplazamientos se puede llevar a cabo en Guatemala de forma aceptable, siempre que se incluya en las normas estructurales correspondientes y así reglamentar su uso.
650 1 4 _2LEMB
_aCobán, Alta Verapaz.
_xIngeniería
_xDiseño
_xEstructuras
_xEspectro
_xHistéresis
_xFuerzas
700 _aInga. Civil Sindry Yaneth Pacay Morales
_eAsesor
856 _uhttps://drive.google.com/file/d/1ybLUGNNPf9lyvdBtq_zAVoKDz4tOHIg9/view
_yPDF
_zUn ejemplar en línea.
942 _2ddc
_cTES
_iTIC 0020
_kClasificación
_n0
_6TIC_0020_000000000000000
999 _c2069
_d2069